=LDR 00000nam 2200000 4500 =001 INLIS000000000023740 =005 20130612122355 =008 ***********************************Ind** =035 ##$$0010-061300000023740 =041 ##$$a Ind =082 ##$$a 658.314 =090 ##$$a 658.314, Dan m =100 ##$$a Danim, Sudarwan =245 ##$$a Motivasi kepemimpinan dan efektivitas kelompok, Sudarwan Danim =260 ##$$a 2001 $b Jakarta =300 ##$$a 159 hlm, 23 cm =650 ##$$a Motivasi kepempinan =850 ##$$a NBPNMAT =990 ##$$a 21400613/BPAP-NTB/20142014 =990 ##$$a 2090101560/BPAP-NTB/2015 =990 ##$$a 0001/BPAP-NTB/2016